Historias cortas en inga y kichwa para niñas y niños (Registro nro. 17829)
[ vista simple ]
| 000 -LDR (LÍDER) | |
|---|---|
| Campo de control de longitud fija | 01614nam a2200361 a 4500 |
| 003 - IDENTIFICADOR DEL NÚMERO DE CONTROL | |
| Campo de control | CO-PeBPR |
| 005 - FECHA Y HORA DE LA ÚLTIMA TRANSACCIÓN | |
| Campo de control | 20260430151714.0 |
| 008 - ELEMENTOS DE DATOS DE LONGITUD FIJA--INFORMACIÓN GENERAL | |
| Campo de control de longitud fija | 260415e2024 ck a|||| n||| 00| 0 spa c |
| 020 ## - Código Internacional normalizado para libros | |
| Código Internacional normalizado para libros | 9786280159553 |
| 040 0# - FUENTE DE CATALOGACIÓN | |
| Agencia catalogadora original | CO-PeBPR |
| Idioma de la agencia catalogadora | spa |
| Agencia que transcribe | CO-PeBPR |
| Norma para la descripción | rda |
| 041 0# - Código del Idioma | |
| Código idioma del recurso original | spa |
| 082 04 - NÚMERO DE CLASIFICACIÓN DECIMAL DEWEY | |
| Número de clasificación | (i) 898.323 T613h |
| 100 1# - ASIENTO PRINCIPAL--NOMBRE PERSONAL | |
| Nombre personal | Tisoy Tandioy, Muskuy Muyury |
| Términos de relación | autor |
| 245 10 - MENCIÓN DE TÍTULO | |
| Título propiamente dicho | Historias cortas en inga y kichwa para niñas y niños |
| Subtítulo o título paralelo | : Uchulla parlu uchullakunamanda = ñawpa rimaykuna wawakunapak |
| Mención de responsabilidad | / Vanessa Tisoy Tandioy, Sandra Tisoy Tandioy, Muskuy Tisoy Tandioy ; ilustraciones de Jeisson Castillo ; traducción de Juan Camilo Ruíz Erazo, Asunción Agreda, Esperanza Tandioy Tisoy |
| 250 ## - MENCIÓN DE EDICIÓN | |
| Mención de edición | Edición especial |
| 264 #1 - Área de la Producción Publicación, Distribución, Manufactura, etc. | |
| Lugar de publicación, distribución, etc. | Bogotá, Colombia |
| Nombre de la editorial, distribuidor, etc. | : Ofrenda |
| Fecha de publicación, distribución, etc. | , 2024 |
| 300 ## - DESCRIPCIÓN FÍSICA | |
| Extensión | 38 páginas |
| Otros detalles físicos | : ilustraciones a color |
| Dimensiones | ; 23 centímetros |
| 336 ## - Tipo de Contenido | |
| Tipo de contenido | texto |
| Código de tipo de contenido | txt |
| Fuente | rdacontenido |
| 337 ## - Tipo de Medio | |
| Tipo de Medio | sin mediación |
| Código de tipo de medio | n |
| Fuente | rdamedio |
| 338 ## - Tipo de Soporte | |
| Tipo de soporte | volumen |
| Código de tipo de soporte | nc |
| Fuente | rdasoporte |
| 490 ## - MENCIÓN DE SERIE | |
| Título de la serie | Plan Nacional de Lectura, Escritura y Oralidad / Ministerio de Cultura , Las Artes y los Saberes. |
| 521 ## - NOTA DE AUDIENCIA | |
| Nota de audiencia | Recomendado para jóvenes y adultos. |
| 650 14 - ASIENTO SECUNDARIO DE MATERIA - TÉRMINO TEMÁTICO | |
| Fuente del encabezado o término | LEMB |
| Encabezamiento temático | Cuentos indígenas colombianos |
| 650 14 - ASIENTO SECUNDARIO DE MATERIA - TÉRMINO TEMÁTICO | |
| Fuente del encabezado o término | LEMB |
| Encabezamiento temático | Libros ilustrados para niños |
| 650 14 - ASIENTO SECUNDARIO DE MATERIA - TÉRMINO TEMÁTICO | |
| Fuente del encabezado o término | LEMB |
| Encabezamiento temático | Literatura indígena colombiana |
| 650 14 - ASIENTO SECUNDARIO DE MATERIA - TÉRMINO TEMÁTICO | |
| Fuente del encabezado o término | LEMB |
| Encabezamiento temático | Identidad cultural en la literatura |
| 650 14 - ASIENTO SECUNDARIO DE MATERIA - TÉRMINO TEMÁTICO | |
| Fuente del encabezado o término | LEMB |
| Encabezamiento temático | Memoria colectiva en la literatura |
| 700 1# - ASIENTO SECUNDARIO - NOMBRE PERSONAL | |
| Nombre personal | castillo, Jeisson David |
| Término de relación, rol en la obra | ilustrador |
| 700 1# - ASIENTO SECUNDARIO - NOMBRE PERSONAL | |
| Nombre personal | Ruiz Erazo, Juan Camilo |
| Término de relación, rol en la obra | traductor |
| 700 1# - ASIENTO SECUNDARIO - NOMBRE PERSONAL | |
| Nombre personal | Agreda, Asunción |
| Término de relación, rol en la obra | traductor |
| 700 1# - ASIENTO SECUNDARIO - NOMBRE PERSONAL | |
| Nombre personal | Tandioy Tisoy, Esperanza |
| Término de relación, rol en la obra | traductora |
| 942 ## - ENTRADA DE ELEMENTOS AGREGADOS (KOHA | |
| Fuente de clasificación o esquema de estantería. | Dewey Decimal Classification |
| Tipo de ítem | Literatura Infantil |
| Estado de pérdida | Fuente del sistema de clasificación o colocación | Estado de daño | No disponible para préstamo | Colección | Biblioteca de origen | Biblioteca actual | Ubicación en estantería | Signatura topográfica completa | Ejemplar | Código de barras | Tipo de ítem | Fecha de adquisición | Fuente de adquisición | Total de pagos | Fecha de la última vez visto |
|---|---|---|---|---|---|---|---|---|---|---|---|---|---|---|---|
| Dewey Decimal Classification | Infantil | Sala de Patrimonio Bibliográfico y Documental - Biblioteca Departamental | Sala de Patrimonio Bibliográfico y Documental - Biblioteca Departamental | Área Infantil | (i) 898.323 T613h | Ej.1 | RIBPD16021 | Literatura Infantil | 30/04/2026 | Dotación MinCultura y BNC | 30/04/2026 |